000
00274nam a2200109Ia 4500
008
190216s9999||||xx |||||||||||||| ||und||
100
_a
"Sathyanarayana G,Krishnanji V"
245
0
_a
Cost Accounts
260
_b
"Apollo Publishers, Markapur"
650
_a
Commerce
942
_c
BK
999
_c
4658
_d
4658